Lacustrine sandstone reservoirs and hydrocarbon systems / (Record no. 33220)
[ view plain ]
| 000 -LEADER | |
|---|---|
| fixed length control field | 00736cam a22002057i 4500 |
| 008 - FIXED-LENGTH DATA ELEMENTS--GENERAL INFORMATION | |
| fixed length control field | 130909t20122012okuab b 000 0 eng d |
| 020 ## - INTERNATIONAL STANDARD BOOK NUMBER | |
| International Standard Book Number | 9780891813774 |
| 050 00 - LIBRARY OF CONGRESS CALL NUMBER | |
| Classification number | TN 870.57 |
| Item number | .L33 2012 |
| 245 00 - TITLE STATEMENT | |
| Title | Lacustrine sandstone reservoirs and hydrocarbon systems / |
| Statement of responsibility, etc | Olive W. (Terry) Baganz [Eds. ] |
| 260 ## - PUBLICATION, DISTRIBUTION, ETC. (IMPRINT) | |
| Place of publication, distribution, etc | Tulsa : |
| Name of publisher, distributor, etc | The American Association of Petroleum Geologists, |
| Date of publication, distribution, etc | 2012 |
| 300 ## - PHYSICAL DESCRIPTION | |
| Extent | viii, 517 p. : |
| Other physical details | ill. (col.), maps (col.) ; |
| Dimensions | 29 cm. |
| 490 1# - SERIES STATEMENT | |
| Series statement | AAPG memoir ; |
| Volume number/sequential designation | 95 |
| 504 ## - BIBLIOGRAPHY, ETC. NOTE | |
| Bibliography, etc | Includes bibliographical references |
| 650 #0 - SUBJECT ADDED ENTRY--TOPICAL TERM | |
| Topical term or geographic name as entry element | Petroleum |
| General subdivision | Migration |
| 9 (RLIN) | 88482 |
| 700 1# - ADDED ENTRY--PERSONAL NAME | |
| Personal name | Bartov Yuval |
| 9 (RLIN) | 88486 |
| Personal name | Bohacs Kevin M. |
| 9 (RLIN) | 88487 |
| Personal name | Nummedal Dag |
| 9 (RLIN) | 88488 |
| 830 #0 - SERIES ADDED ENTRY--UNIFORM TITLE | |
| Uniform title | AAPG memoir ; |
| Volume number/sequential designation | 95 |
| 9 (RLIN) | 84390 |
| 942 ## - ADDED ENTRY ELEMENTS (KOHA) | |
| Source of classification or shelving scheme | Library of Congress Classification |
| Item type | Books |
| Withdrawn status | Lost status | Source of classification or shelving scheme | Damaged status | Not for loan | Collection code | Home library | Current library | Shelving location | Date acquired | Source of acquisition | Total Checkouts | Full call number | Barcode | Date last seen | Copy number | Koha item type |
|---|---|---|---|---|---|---|---|---|---|---|---|---|---|---|---|---|
| Library of Congress Classification | Non-fiction | Earth Sciences and Engineering Library Collection | Earth Sciences and Engineering Library Collection | General Collection | 16/10/2020 | Donation | TN 870.57 .L33 2012 | 18420172 | 16/10/2020 | C.1 | Books | |||||
| Library of Congress Classification | Non-fiction | Earth Sciences and Engineering Library Collection | Earth Sciences and Engineering Library Collection | General Collection | 23/10/2020 | Donation | TN 870.57 .L33 2012 | 18421159 | 23/10/2020 | C.2 | Books |